Estatísticas para Sequências Lógicas III

Clique aqui para jogar o quiz

Estatísticas Gerais

  • Esse quiz foi jogado 60 vezes
  • A pontuação média é 4 de 15

Estatísticas das Respostas

HintsHintsResposta% Correto
Espírito Santo >>>Filho >>>PaiTrindade Cristã
86%
Alfa >>>Beta >>>GamaPrimeiras 3 letras do alfabeto grego
71%
Hinduísmo >>>Islão >>>CristianismoAs três maiores religiões
69%
Franklin >>>Delano >>>RooseveltNome do 32º Presidente dos EUA
47%
Chipre >>>Sardenha >>>SicíliaMaiores ilhas mediterrânicas
33%
Hidrogénio >>>Hélio >>>LítioPrimeiros três elementos da tabela periódica
27%
Cameron Douglas >>>Michael Douglas >>>Kirk Douglas3 gerações de actores da mesma família
22%
Prático >>>Heitor >>>CíceroOs três porquinhos
16%
Mimi Rogers >>>Nicole Kidman >>>Katie HolmesAs três ex-mulheres de Tom Cruise
8%
Harvard >>>Yale >>>PrincetonAs três grandes universidades americanas
8%
General Motors >>>Ford >>>ChryslerMaiores construtores de carros dos EUA
6%
Low >>>Heroes >>>LodgerA trilogia de Berlim de David Bowie
2%
Neville Chamberlain >>>Winston Churchill >>>Clement AttleePrimeiro-ministros do Reino Unido durante a 2ª Guerra Mundial
0%
Mizaru >>>Kikazaru (Mikazaru) >>>Iwazaru (Mazaru)Os três macacos sábios
0%
Yuan >>>Ming >>>QingAs últimas dinastias chinesas
0%

Distribuição das Pontuações

Percentil de Números Respondidos

Porcentagem de Pessoas com Cada Pontuação

Sua Pontuação Histórica

Você não jogou esse quiz